00555nam a22001817a 450000500170000001000150001702000260003202000230005803500130008103700130009408200100010724500730011726000410019027000540023130000230028550000400030870000250034820150319145551.0 aENG-112168 a9788174877482c325.00 a8174877487c325.00 aEN-95700 bDBAD/PUB a891.4 aEssay on Indian writing in English / cedited by Kanwar Dinesh Singh aNew DelhibRadha Publications c2011 a4231/1, Ansari Road, DaryaganjbNew Delhie110002 axv,126p.c22cm(Hb) aIncludes bibliographical references aKanwar Dinesh Singh